<?xml version="1.0" encoding="UTF-8"?>
<marc:record xmlns:marc="http://www.loc.gov/MARC21/slim">
   <marc:leader>00000nam a2200000 a 4500</marc:leader>
   <marc:datafield ind1="1" ind2=" " tag="100">
      <marc:subfield code="a">Lane, Katharina von der</marc:subfield>
      <marc:subfield code="4">aut</marc:subfield>
      <marc:subfield code="e">Verfasser/-in</marc:subfield>
   </marc:datafield>
   <marc:datafield ind1=" " ind2=" " tag="653">
      <marc:subfield code="a">Frauenromane</marc:subfield>
   </marc:datafield>
   <marc:datafield ind1=" " ind2=" " tag="653">
      <marc:subfield code="a">Liebesromane</marc:subfield>
   </marc:datafield>
   <marc:datafield ind1=" " ind2=" " tag="653">
      <marc:subfield code="a">Buch</marc:subfield>
   </marc:datafield>
   <marc:datafield ind1=" " ind2=" " tag="653">
      <marc:subfield code="a">Familiensaga</marc:subfield>
   </marc:datafield>
   <marc:datafield ind1=" " ind2=" " tag="653">
      <marc:subfield code="a">Taschenbuch</marc:subfield>
   </marc:datafield>
   <marc:datafield ind1=" " ind2=" " tag="653">
      <marc:subfield code="a">Historische Romane</marc:subfield>
   </marc:datafield>
   <marc:datafield ind1=" " ind2=" " tag="653">
      <marc:subfield code="a">bücher</marc:subfield>
   </marc:datafield>
   <marc:datafield ind1=" " ind2=" " tag="653">
      <marc:subfield code="a">wahre begebenheiten</marc:subfield>
   </marc:datafield>
   <marc:datafield ind1="0" ind2="0" tag="245">
      <marc:subfield code="a">Haribo - So schmeckt das Glück</marc:subfield>
   </marc:datafield>
   <marc:datafield ind1="0" ind2="0" tag="245">
      <marc:subfield code="b">Roman</marc:subfield>
   </marc:datafield>
   <marc:datafield ind1=" " ind2="1" tag="264">
      <marc:subfield code="b">Goldmann</marc:subfield>
      <marc:subfield code="c">2025</marc:subfield>
   </marc:datafield>
   <marc:datafield ind1="1" ind2=" " tag="490">
      <marc:subfield code="a">Die Haribo-Saga</marc:subfield>
   </marc:datafield>
   <marc:datafield ind1="1" ind2=" " tag="520">
      <marc:subfield code="a">Alles beginnt mit einem Sack Zucker ... 

 

Bonn 1920: Der gelernte Bonbonkocher Hans Riegel liebt die bunte Welt der Süßwaren und träumt davon, eines Tages sein eigenes Unternehmen zu führen. Die junge Gertrud Vianden glaubt an seinen Traum und unterstützt ihn von Anfang an. Nach der Hochzeit beginnen Hans und Gertrud, in der heimischen Küche zu experimentieren und erste Süßigkeiten herzustellen, die Gertrud mit dem Fahrrad ausliefert. Das Geschäft ist hart, die Konkurrenz groß, und das junge Paar wird von vielen belächelt. Wie wollen Hans und Gertrud mit ein paar Bonbons eine Familie ernähren? Doch trotz aller Widrigkeiten sind die beiden überzeugt, dass aus kleinen Anfängen Großes entstehen kann  

 

 Von einem Sack Zucker zum Weltkonzern: die außergewöhnliche Geschichte einer der erfolgreichsten Unternehmerfamilien Deutschlands 

 

 Auftakt der großen zweiteiligen Haribo-Saga  jetzt als Taschenbuch</marc:subfield>
   </marc:datafield>
   <marc:datafield ind1=" " ind2=" " tag="020">
      <marc:subfield code="a">9783442496938</marc:subfield>
      <marc:subfield code="9">9783442496938</marc:subfield>
   </marc:datafield>
</marc:record>
